000 00428ntaaa2200181 4500
003 01
005 20251027202049.0
008 0714s1973 ag 01
040 _aAR-BaBN
_bspa
_cAR-BaBN
_eaacr
_dRIC
082 _a252.0000 C15
100 _aCampbell, R.C.
_915194
245 _aYouth and yokes
250 _a1 ed.
260 _aNashville :
_bBroadman Press,
_cc1938
300 _a153 p
650 _asermones
_9362
942 _cBK
999 _c15477
_d15477